El Trabajo manual : recuerdo del segundo cursillo de trabajo manual educativo recuerdo del segundo cursillo de trabajo manual educativo
Descripción Física:
8 p. ; 23 cm
Materias:
Treballs manuals (Ensenyament)
MARC
| LEADER | 00000nam a2200000Ia 4500 | ||
|---|---|---|---|
| 001 | RF-16-36 | ||
| 008 | 160829s1904 xx 000 0 cat d | ||
| 080 | |a 23069 | ||
| 245 | |a El Trabajo manual : |b recuerdo del segundo cursillo de trabajo manual educativo | ||
| 260 | |a Barcelona : |b Imp. Elzeviriana de Borrás y Mestres, |c 1904 | ||
| 300 | |a 8 p. ; |c 23 cm | ||
| 590 | |a Prové de la caixeta de Casa de Caritat, any 1878, núm. 2158, exp. 2162 | ||
| 650 | 0 | |a Treballs manuals (Ensenyament) |9 41398 | |
| 856 | 4 | |u https://media.diba.cat/diba/fitxers/arxiu/fulletons/bib_23069_1904_baixa.pdf |y Accés lliure | |
| 856 | 4 | |u https://media.diba.cat/diba/fitxers/arxiu/fulletons/bib_23069_1904_baixa.pdf |y Accés lliure | |
| 901 | |a Arxiu | ||
| 942 | |n 1 |2 udc | ||
| 952 | |0 0 |1 0 |4 0 |6 23069 |7 1 |9 50192 |a Arxiu |b Arxiu |d 2016-12-01 |l 0 |o 23069 |p RF-16-36 |r 2016-12-01 00:00:00 |w 2016-12-01 |y ARXIU | ||
| 999 | |c 54034 |d 54034 | ||
| 900 | |a bib_23069_1904_baixa.pdf | ||